000 00659nam a2200217 i 4500
001 145476
003 ES-MaACL
005 20250817071106.0
007 t|
008 070214s1964 sp r ||||1| spa d
100 1 _aSpicq, Ceslaus.
_9107714
245 1 0 _aCaridad y libertad segĂșn el Nuevo Testamento /
_cCeslaus Spicq ; traducida por Vicente J. Sastre.
260 _aBarcelona :
_bEler,
_c1964.
300 _a86 p. ;
_c19 cm.
490 1 _aCol. eler ;
_v14
650 0 7 _aCaridad
_2embne
_910780
700 1 _aSastre, Vicente J.
_9103924
830 0 _aCol. eler ;
_v14
_9220768
852 _aES-MaACL
_jC-27207
_bR.55450
999 _c145476
_d145476